ბათუმის შოთა რუსთაველის სახელმწიფო უნივერსიტეტის ბიბლიოთეკა

სამთავროს სამაროვნის ახ. წ. II-IV სს. არქეოლოგიური ძეგლები / (ბიბ.ჩანაწერი № 61593)

000 -ლიდერი
ფიქსირებული სიგრძის საკონტროლო ველი 01845nam a22002417a 4500
003 - საკონტროლო ნომრის იდენტიფიკატორი
საკონტროლო ველი Ge_BSU
005 - ბოლო ოპერაციის თარიღი და დრო
საკონტროლო ველი 20240326160839.0
008 - ფიქსირებული სიგრძის მონაცემთა ელემენტები - ზოგადი ინფორმაცია
ფიქსირებული სიგრძის საკონტროლო ველი 240326s2004 ge ||||| |||| 00| 0 geo d
020 ## - წიგნის საერთაშორისო სტანდარტული ნომერი
International Standard Book Number 9994011995
041 ## - ენის კოდი
Language code of text/sound track or separate title geo
080 ## - უნივერსალური ათობითი კლასიფიკაციის ინდექსი
Universal Decimal Classification number 902.2(479.221.1) ბ-65
100 ## - მთავარი ჩანაწერი - პიროვნების სახელი
Personal name ბიბილური, თემურ, ავტ.
9 (RLIN) 21597
245 ## - ცნობა სათაურის შესახებ
Title სამთავროს სამაროვნის ახ. წ. II-IV სს. არქეოლოგიური ძეგლები /
Statement of responsibility, etc თემურ ბიბილური, ნუკრი ღლონტი, რედ. პაატა გაფრინდაშვილი ; ტექსტის ინგლ. ვარიანტი-თამარ ქვლივიძე ; წიგნის მომზადებაზე მუშაობდნენ: რუსუდან ბაზალელი, ივანე ბიბილური, ქეთევან თათარაშვილი
264 ## - წარმოების, გამოცემის, დისტრიბუციის და სხვა ცნობები
გამოცემის, წარმოების, დისტრიბუციის... ადგილი თბილისი :
გამოცემის, წარმოების, დისტრიბუციის... სახელწოდება არტანუჯი,
გამოცემის, წარმოების, დისტრიბუციის... თარიღი 2004.
300 ## - ფიზიკური აღწერა
Extent 67გვ. :
Other physical details ილ. ;
Dimensions 20 სმ.
504 ## - BIBLIOGRAPHY, ETC. NOTE
Bibliography, etc ბიბლიოგრ.: გვ. 63-67.
653 ## - INDEX TERM--UNCONTROLLED
Uncontrolled term არქეოლოგიური გათხრები მცხეთაში. სამთავროს სამაროვანი.
653 ## - INDEX TERM--UNCONTROLLED
Uncontrolled term არქეოლოგია
700 ## - ADDED ENTRY--PERSONAL NAME
Personal name ღლონტი, ნუკრი
9 (RLIN) 21598
700 ## - ADDED ENTRY--PERSONAL NAME
Personal name გაფრინდაშვილი, პაატა
Relator term რედაქტორი და სხვ.
9 (RLIN) 21599
710 ## - ADDED ENTRY--CORPORATE NAME
Corporate name or jurisdiction name as entry element საქ. კულტ., ძეგლთა დაცვისა და სპორტის სამ., დიდი მცხეთის მუზეუმ-ნაკრძალი.
9 (RLIN) 21600
942 ## - ADDED ENTRY ELEMENTS (KOHA)
Source of classification or shelving scheme
Koha item type წიგნი
ეგზემპლარები
ჩამოწერის სტატუსი დაკარგული ეგზემპლარის სტატუსი კლასიფიკაციის წყარო ან თაროზე გაწყობის სქემა დაზიანების სტატუსი არ გაიცემა მუდმივი მდებარეობა (დაცვის ადგილი) ამჟამინდელი ადგილსამყოფელი თაროზე განთავსების ადგილი შეძენის თარიღი ღირებულება, შესყიდვის ნორმალური ფასი სრული შენახვის შიფრი შტრიხკოდი ბოლო ოპერაციის თარიღი ეგზემპლარის მიმდევრობითი ნომერი (კეტერი?) Uniform Resource Identifier ფასის ძალაში შესვლის თარიღი ეგზემპლარის სახეობა საჯარო შენიშვნა
          ბათუმის შოთა რუსთაველის სახელმწიფო უნივერსიტეტის მთავარი ბიბლიოთეკა ბათუმის შოთა რუსთაველის სახელმწიფო უნივერსიტეტის მთავარი ბიბლიოთეკა წიგნსაცავი 2024-03-26 5.00 902.2(479.221.1) ბ-65 65835 2024-03-26 65835 ბსუ-ს საპატიო დოქტორის გურამ ლორთქიფანიძის საჩუქარი 2024-03-26 წიგნი 5.00